ARRUPE JESUIT UNIVERSITY

CORONAVIRUS -STOP THE SPREAD - CLEAN,DISINFECT,COVER

Resistance art in South Africa / (Record no. 128409)

MARC details
000 -LEADER
fixed length control field 00899pam a2200265 a 4500
001 - CONTROL NUMBER
control field 2926916
003 - CONTROL NUMBER IDENTIFIER
control field ARRUPE
005 - DATE AND TIME OF LATEST TRANSACTION
control field 20181016153827.0
008 - FIXED-LENGTH DATA ELEMENTS--GENERAL INFORMATION
fixed length control field 891006t19901989nyua 001 0 eng
010 ## - LIBRARY OF CONGRESS CONTROL NUMBER
LC control number 89028797
020 ## - INTERNATIONAL STANDARD BOOK NUMBER
International Standard Book Number 031204142X
040 ## - CATALOGING SOURCE
Original cataloging agency DLC
Transcribing agency DLC
Modifying agency DLC
043 ## - GEOGRAPHIC AREA CODE
Geographic area code f-sa---
050 00 - LIBRARY OF CONGRESS CALL NUMBER
Classification number N7392
Item number .W55 1990
082 00 - DEWEY DECIMAL CLASSIFICATION NUMBER
Classification number 704/.03968/009048
Edition number 20
300 ## - PHYSICAL DESCRIPTION
Other physical details ill. (some col.) ;
Dimensions 28 cm.
100 1# - MAIN ENTRY--PERSONAL NAME
Personal name Williamson, Sue.
9 (RLIN) 43010
245 10 - TITLE STATEMENT
Title Resistance art in South Africa /
Statement of responsibility, etc Sue Williamson.
260 ## - PUBLICATION, DISTRIBUTION, ETC. (IMPRINT)
Place of publication, distribution, etc London :
Name of publisher, distributor, etc Catholic Institute for International Relations,
Date of publication, distribution, etc 1990,
300 ## - PHYSICAL DESCRIPTION
Extent 159 p. :
650 #0 - SUBJECT ADDED ENTRY--TOPICAL TERM
Topical term or geographic name as entry element Dissident art
Geographic subdivision South Africa.
9 (RLIN) 43011
650 #0 - SUBJECT ADDED ENTRY--TOPICAL TERM
Topical term or geographic name as entry element Art, Black
Geographic subdivision South Africa.
9 (RLIN) 43012
650 #0 - SUBJECT ADDED ENTRY--TOPICAL TERM
Topical term or geographic name as entry element Art, South African
Chronological subdivision 20th century.
9 (RLIN) 43013
906 ## - LOCAL DATA ELEMENT F, LDF (RLIN)
a 7
b cbc
c orignew
d 1
e ocip
f 19
g y-gencatlg
942 ## - ADDED ENTRY ELEMENTS (KOHA)
Source of classification or shelving scheme Library of Congress Classification
Koha item type Monograph ( Printed materials)
Holdings
Withdrawn status Lost status Source of classification or shelving scheme Damaged status Not for loan Collection code Home library Current library Shelving location Date acquired Total Checkouts Full call number Barcode Date last seen Price effective from Koha item type
    Library of Congress Classification     Main Collection ARRUPE LIBRARY ARRUPE LIBRARY Main Collection 16/10/2018   N7392 .W55 1990 46600002963 16/10/2018 16/10/2018 Monograph ( Printed materials)

 

Arrupe Library. PO Box MP320 Mt Pleasant, Harare, Zimbabwe
263 242 745411|librarian@aju.ac.zw